000
00276nam a22001217a 4500
008
170817b xxu||||| |||| 00| 0 eng d
041
_a
eng
080
_2
10TH
_a
51
100
_a
36
101
_a
MAT
245
_a
TOPICS IN CONTEMPORARY MATHEMATICS
_c
BELLO,I
942
_2
udc
_c
BK
999
_c
23925
_d
23925